000 00314nam a2200121 i 4500
001 bg
245 0 _aProgramy Elektronicznej Techniki Obliczeniowej :
_bdokumentacja programu nr 121/76.
260 _aWarszawa,
_c1977.
040 _cBPK
041 _apol
942 _cKS
008 s pl f |000 0 pol
999 _c17588
_d17588
856 _uhttp://koha.tu.koszalin.pl/cgi-bin/koha/opac-detail.pl?biblionumber=17588
_yKatalog online BPK